| 000 | 004710000a22001930004500 | ||
|---|---|---|---|
| 005 | 20120302054920.0 | ||
| 942 | _cBOOK | ||
| 100 | _a Dandekar,Shankar Waman | ||
| 245 | _a Abhanga-Sankeertan:Bhag-2 | ||
| 250 | _a 1 | ||
| 260 | _aPune:Yashwant Gopaal Joshi,1875. | ||
| 300 | _a215p. | ||
| 040 | _aMAR | ||
| 365 | _b2.50/- | ||
| 650 | _aAbhanga | ||
| 650 | _aSankirtan | ||
| 650 | _aDandekar-Abhanga | ||
| 650 | _aMaajhe Chitaa Tujhe Paayi-Paangulaa Jhaalo Devaa | ||
| 999 |
_c346966 _d346963 |
||